000 00849caa a22002052a 4500
001 011103
003 AR-FADEU
008 311216n########xxu####################dd
092 _a808.831
_bO58
100 _aLawrence, Vincent
245 _aVictims
300 _aPP. 12-20
500 _aEn: One true friend and other irish short stories / ed. Roland John. Harlow : Longman, 1977
650 _a/REVISADO/
546 _aInglés
942 _cBDGR
999 _c16883
_d16883
773 0 _016881
_917085
_a
_b
_dHarlow
_o01010
_tONE true friend and other irish short stories
_w( AR-FADEU) 011101
_x
_z0-582-53685-5
773 0 _016881
_917085
_a
_b
_dHarlow
_o01010
_tONE true friend and other irish short stories
_w( AR-FADEU) 011101
_x
_z0-582-53685-5
773 0 _016881
_917086
_a
_b
_dHarlow
_o01011
_tONE true friend and other irish short stories
_w( AR-FADEU) 011101
_x
_z0-582-53685-5